[Event "34th European Club Cup 2018"]
[Site "Halkidiki"]
[Date "2018.10.15"]
[Round "4"]
[White "Reichardt, Robin"]
[Black "Omorjan, Dejan"]
[Result "1/2-1/2"]
[WhiteElo "1993"]
[BlackElo "2249"]
[Annotator "NA"]
[PlyCount "62"]
[EventDate "2018.10.12"]
[EventType "team-tourn"]
[EventCountry "GRE"]
[SourceTitle "playchess.com"]
[Source "ChessBase"]
[SourceQuality "1"]
[WhiteTeam "En Passant"]
[BlackTeam "Partizan"]

1. d4 Nf6 2. Nf3 g6 3. c4 Bg7 4. Nc3 O-O 5. e4 d6 6. Be2 e5 7. O-O Na6 8. Be3 Ng4 9. Bg5 f6 10. Bh4 Nh6 11. dxe5 dxe5 12. Qxd8 Rxd8 13. Nd5 g5 14. Bg3 Bg4 15. Rfd1 c6 16. Ne3 Bh5 17. Kf1 Bg6 18. Nd2 Nc5 19. f3 Ne6 20. Nb3 f5 21. exf5 Nxf5 22. Nxf5 Bxf5 23. Na5 Nd4 24. Nxb7 Rf8 25. Nd6 Bc2 26. Rd2 g4 27. Bd3 Bxd3+ 28. Rxd3 gxf3 29. gxf3 Rad8 30. c5 Nxf3 31. Kg2 e4 1/2-1/2

[Event "34th European Club Cup 2018"]
[Site "Halkidiki"]
[Date "2018.10.15"]
[Round "4"]
[White "Stern, Geoffrey"]
[Black "Salama, Omar"]
[Result "0-1"]
[WhiteElo "1993"]
[BlackElo "2254"]
[Annotator "NA RC"]
[PlyCount "110"]
[EventDate "2018.10.12"]
[EventType "team-tourn"]
[EventCountry "GRE"]
[SourceTitle "playchess.com"]
[Source "ChessBase"]
[SourceQuality "1"]
[WhiteTeam "Bonnevoie"]
[BlackTeam "Reykjavik"]

1. d4 c5 2. d5 e6 3. Nc3 d6 4. e4 a6 5. a4 Nf6 6. Nf3 Be7 7. Be2 O-O 8. O-O exd5 9. exd5 Bg4 10. Nd2 Bxe2 11. Qxe2 Re8 12. Nc4 Nbd7 13. a5 b5 14. axb6 Nxb6 15. Qd3 Nfd7 16. Bf4 Nxc4 17. Qxc4 Rb8 18. Qd3 Rb4 19. Qg3 Nf6 20. Bc1 Qb6 21. b3 Bf8 22. Bb2 Qb7 23. Rad1 Qd7 24. h3 Qf5 25. Qd3 Qc8 26. Rfe1 Rxe1+ 27. Rxe1 Rd4 28. Qf3 Nd7 29. Qe3 Nb6 30. Qf3 Rd2 31. Re2 Rd4 32. Re1 Rd2 33. Re2 Rxe2 34. Qxe2 c4 35. Qe3 Qb7 36. Qd4 cxb3 37. cxb3 Nd7 38. Ne4 Qxb3 39. Nxd6 Nf6 40. Nf5 Qxd5 41. Nh6+ gxh6 42. Qxf6 Qd1+ 43. Kh2 Qd6+ 44. f4 Qxf6 45. Bxf6 Bg7 46. Be7 a5 47. f5 Bb2 48. Kg3 a4 49. Kg4 f6 50. Kh5 Kg7 51. g4 a3 52. Bxa3 Bxa3 53. Kh4 Bc1 54. Kg3 h5 55. Kh4 hxg4 0-1

[Event "34th European Club Cup 2018"]
[Site "Halkidiki"]
[Date "2018.10.15"]
[Round "4"]
[White "Artola Pola, Gerardo"]
[Black "Rosenkilde, Alexander"]
[Result "0-1"]
[WhiteElo "1988"]
[BlackElo "2239"]
[Annotator "TA"]
[PlyCount "82"]
[EventDate "2018.10.12"]
[EventType "team-tourn"]
[EventCountry "GRE"]
[SourceTitle "playchess.com"]
[Source "ChessBase"]
[SourceQuality "1"]
[WhiteTeam "Dublin"]
[BlackTeam "Jetsmark"]

1. e4 c5 2. g3 d5 3. exd5 Qxd5 4. Nf3 Bg4 5. Be2 Nc6 6. h3 Bf5 7. Nc3 Qd7 8. g4 Bg6 9. d3 O-O-O 10. Nh4 e5 11. Nxg6 hxg6 12. Be3 f5 13. Bg5 Nf6 14. Qd2 fxg4 15. h4 Nd4 16. O-O-O Kb8 17. Rdg1 Qc6 18. Qd1 c4 19. Bxg4 cxd3 20. cxd3 Bb4 21. Bd2 e4 22. Rh3 Nb5 23. Qc2 Bxc3 24. Bxc3 Nxg4 25. Rxg4 Qe6 26. Qe2 Qxa2 27. Be5+ Ka8 28. Rxe4 Rc8+ 29. Rc4 Na3 30. Bc3 Qb1+ 31. Kd2 Qc2+ 32. Ke1 Qc1+ 33. Qd1 Qxd1+ 34. Kxd1 Nxc4 35. dxc4 Rxc4 36. Bxg7 Rhxh4 37. Rd3 a5 38. Rd8+ Ka7 39. Rd6 Rc6 40. Rd8 Ka6 41. Bc3 b6 0-1

[Event "34th European Club Cup 2018"]
[Site "Halkidiki"]
[Date "2018.10.15"]
[Round "4"]
[White "Wambach, Patrick"]
[Black "Marino, Danilo"]
[Result "1-0"]
[WhiteElo "1958"]
[BlackElo "1991"]
[Annotator "NA RC"]
[PlyCount "101"]
[EventDate "2018.10.12"]
[EventType "team-tourn"]
[EventCountry "GRE"]
[SourceTitle "playchess.com"]
[Source "ChessBase"]
[SourceQuality "1"]
[WhiteTeam "Echternach"]
[BlackTeam "Lazio ASD"]

1. Nf3 Nf6 2. c4 g6 3. g3 Bg7 4. Bg2 d6 5. Nc3 O-O 6. O-O e5 7. d3 Re8 8. Bd2 c6 9. Rb1 a5 10. a3 d5 11. cxd5 cxd5 12. Qc2 Nc6 13. Bg5 h6 14. Bxf6 Bxf6 15. Rfd1 Be6 16. Rbc1 Rc8 17. Qd2 Bg7 18. e3 f5 19. d4 e4 20. Ne1 g5 21. Ne2 Bf8 22. f4 g4 23. Nc2 Qb6 24. Nc3 Qc7 25. Bf1 Re7 26. Ne1 Rh7 27. Ng2 Be7 28. Na4 Bf7 29. Bb5 h5 30. Rc2 h4 31. Rdc1 hxg3 32. hxg3 Be8 33. Nc3 Qd6 34. Nxd5 Bd8 35. Nc3 Qh6 36. Kf2 Bf6 37. Nd5 Bd8 38. Nc3 Qh2 39. Rg1 Rh3 40. Ne2 Bf7 41. Bc4 Bb6 42. Bxf7+ Kxf7 43. Rgc1 Rch8 44. Qc3 Rxg3 45. Qb3+ Kf8 46. Nxg3 Rh3 47. Ne2 Rf3+ 48. Ke1 Qxg2 49. Rxc6 Qf2+ 50. Kd2 a4 51. Rf6+ 1-0

[Event "34th European Club Cup 2018"]
[Site "Halkidiki"]
[Date "2018.10.15"]
[Round "4"]
[White "Ferraro, Pietro"]
[Black "Drzasga, Michael"]
[Result "1-0"]
[WhiteElo "1951"]
[BlackElo "2042"]
[Annotator "NA RC"]
[PlyCount "131"]
[EventDate "2018.10.12"]
[EventType "team-tourn"]
[EventCountry "GRE"]
[SourceTitle "playchess.com"]
[Source "ChessBase"]
[SourceQuality "1"]
[WhiteTeam "Lazio ASD"]
[BlackTeam "Echternach"]

1. e4 e6 2. d4 d5 3. exd5 exd5 4. Nf3 Bd6 5. Bd3 Ne7 6. O-O f6 7. Nh4 Be6 8. Re1 Qd7 9. f4 Bg4 10. Qd2 Nbc6 11. h3 Nxd4 12. hxg4 Qxg4 13. Qf2 g5 14. Qxd4 Qxh4 15. Qf2 Qg4 16. Be2 Qd7 17. Bh5+ Kd8 18. Be3 g4 19. Qh4 c6 20. Bxg4 f5 21. Bh5 c5 22. Bd2 Kc7 23. Nc3 d4 24. Nb5+ Qxb5 25. Rxe7+ Bxe7 26. Qxe7+ Kb6 27. Re1 a6 28. b4 Rac8 29. Re5 Ka7 30. a4 Qxa4 31. Bf3 Qb5 32. Be2 Qe8 33. Qh4 Qf8 34. bxc5 Rxc5 35. Bb4 Rxe5 36. Bxf8 Rxe2 37. Qd8 b6 38. Qf6 Rxf8 39. Qxf8 Rxc2 40. Qg7+ Kb8 41. Qxd4 Rc5 42. Qh8+ Kb7 43. Qxh7+ Kc6 44. Qh3 a5 45. Qf3+ Kd6 46. g4 fxg4 47. Qxg4 a4 48. Qd1+ Ke6 49. Qxa4 Kf5 50. Qb4 Kg4 51. Qxb6 Rf5 52. Kg2 Kxf4 53. Qd4+ Kg5 54. Kg3 Rf6 55. Qe5+ Kg6 56. Kg4 Rf7 57. Qe6+ Kg7 58. Kg5 Rf8 59. Qg6+ Kh8 60. Kh6 Rf7 61. Qe4 Rf6+ 62. Kg5 Rf7 63. Kg6 Rg7+ 64. Kh6 Rg6+ 65. Kxg6 Kg8 66. Qe8# 1-0

[Event "34th European Club Cup 2018"]
[Site "Halkidiki"]
[Date "2018.10.15"]
[Round "4"]
[White "Svendsen, Peter Willer"]
[Black "McMillan, Charles Stuart"]
[Result "0-1"]
[WhiteElo "1948"]
[BlackElo "2070"]
[Annotator "NA RC"]
[PlyCount "58"]
[EventDate "2018.10.12"]
[EventType "team-tourn"]
[EventCountry "GRE"]
[SourceTitle "playchess.com"]
[Source "ChessBase"]
[SourceQuality "1"]
[WhiteTeam "Hillerod"]
[BlackTeam "White Rose"]

1. e4 c5 2. Nf3 d6 3. Bb5+ Nd7 4. a4 Ngf6 5. Nc3 g6 6. O-O Bg7 7. d4 cxd4 8. Nxd4 O-O 9. Nb3 a6 10. Be2 b6 11. Be3 Bb7 12. Bf3 Qc7 13. Bd4 Rac8 14. g3 Qb8 15. Bg2 Qa8 16. Re1 Rfe8 17. Nd5 Nxd5 18. Bxg7 Kxg7 19. exd5 Nf6 20. Qd4 Bxd5 21. Bxd5 Qxd5 22. Qxb6 Rxc2 23. Nd4 Qc5 24. Qxc5 Rxc5 25. Re2 e6 26. Rd1 Rec8 27. Kg2 Rd5 28. b3 e5 29. Nf5+ gxf5 0-1

[Event "34th European Club Cup 2018"]
[Site "Halkidiki"]
[Date "2018.10.15"]
[Round "4"]
[White "Van Diermen, Arie"]
[Black "Maksimovic, Marko"]
[Result "0-1"]
[WhiteElo "1931"]
[BlackElo "2187"]
[Annotator "TA"]
[PlyCount "70"]
[EventDate "2018.10.12"]
[EventType "team-tourn"]
[EventCountry "GRE"]
[SourceTitle "playchess.com"]
[Source "ChessBase"]
[SourceQuality "1"]
[WhiteTeam "En Passant"]
[BlackTeam "Partizan"]

1. e4 c5 2. Nc3 Nc6 3. g3 g6 4. Bg2 Bg7 5. f4 d6 6. Nf3 e6 7. O-O Nge7 8. d3 O-O 9. g4 Nd4 10. Ne2 Nxf3+ 11. Bxf3 f5 12. h3 Nc6 13. c3 Qh4 14. Kg2 e5 15. Qe1 Qe7 16. exf5 gxf5 17. Ng3 Kh8 18. g5 Bd7 19. h4 Rae8 20. Bd2 exf4 21. Qxe7 Nxe7 22. Bxf4 Be5 23. Bh5 Ng6 24. Bxg6 hxg6 25. Ne2 Bc6+ 26. Kf2 Kg7 27. Rae1 Bb5 28. c4 Bc6 29. b3 Re7 30. Bxe5+ dxe5 31. Nf4 Rfe8 32. Nh3 Rd7 33. Rd1 Rd4 34. Ng1 Rxh4 35. Rfe1 Rh2+ 0-1

[Event "34th European Club Cup 2018"]
[Site "Halkidiki"]
[Date "2018.10.15"]
[Round "4"]
[White "Ruchko, Denis"]
[Black "Skousen, Nikolai"]
[Result "1/2-1/2"]
[WhiteElo "1908"]
[BlackElo "2226"]
[Annotator "NA"]
[PlyCount "67"]
[EventDate "2018.10.12"]
[EventType "team-tourn"]
[EventCountry "GRE"]
[SourceTitle "playchess.com"]
[Source "ChessBase"]
[SourceQuality "1"]
[WhiteTeam "Ballinasloe"]
[BlackTeam "Bronshoj"]

1. d4 g6 2. c4 Bg7 3. Nc3 d6 4. e4 Nf6 5. Be2 O-O 6. Be3 Nbd7 7. Nf3 e5 8. O-O c6 9. d5 c5 10. Ne1 h6 11. Nc2 Ne8 12. a3 f5 13. exf5 gxf5 14. f3 Ndf6 15. Qd2 f4 16. Bf2 Nh7 17. b4 b6 18. Bd3 Bf6 19. a4 a5 20. bxc5 bxc5 21. Na3 Ra7 22. Rab1 Rg7 23. Kh1 Kh8 24. Ne4 Qd7 25. Rg1 Bd8 26. Nb5 Rfg8 27. Nbc3 Ng5 28. Nxg5 hxg5 29. g4 fxg3 30. Bxg3 Nf6 31. Ne4 Nh5 32. Qf2 Rf8 33. Qg2 Qe7 34. Rb8 1/2-1/2

[Event "34th European Club Cup 2018"]
[Site "Halkidiki"]
[Date "2018.10.15"]
[Round "4"]
[White "Prelati, Maurizio"]
[Black "Densing, Gerd"]
[Result "1/2-1/2"]
[WhiteElo "1889"]
[BlackElo "1776"]
[Annotator "NA RC"]
[PlyCount "66"]
[EventDate "2018.10.12"]
[EventType "team-tourn"]
[EventCountry "GRE"]
[SourceTitle "playchess.com"]
[Source "ChessBase"]
[SourceQuality "1"]
[WhiteTeam "Lazio ASD"]
[BlackTeam "Echternach"]

1. e4 e6 2. d4 d5 3. e5 c5 4. c3 Nc6 5. Nf3 Bd7 6. a3 Qb6 7. b4 cxd4 8. cxd4 Rc8 9. Be3 Nge7 10. Be2 Nf5 11. O-O Be7 12. Qd2 O-O 13. Nc3 Nb8 14. Rac1 Rc7 15. g4 Nxe3 16. Qxe3 Rfc8 17. Nb1 Bb5 18. Bxb5 Qxb5 19. Rxc7 Rxc7 20. Rc1 Rc4 21. Rxc4 dxc4 22. Qc3 Qd5 23. Qe3 b5 24. Nc3 Qb7 25. Qe4 Qxe4 26. Nxe4 a6 27. Ne1 Kf8 28. Nc2 Ke8 29. f4 Kd7 30. Kf2 h6 31. Kf3 Bd8 32. Nc3 Kc6 33. Ke4 Nd7 1/2-1/2

[Event "34th European Club Cup 2018"]
[Site "Halkidiki"]
[Date "2018.10.15"]
[Round "4"]
[White "Guidoreni, Jean"]
[Black "Longson, Sarah N"]
[Result "0-1"]
[WhiteElo "1862"]
[BlackElo "2149"]
[Annotator "TA"]
[PlyCount "44"]
[EventDate "2018.10.12"]
[EventType "team-tourn"]
[EventCountry "GRE"]
[SourceTitle "playchess.com"]
[Source "ChessBase"]
[SourceQuality "1"]
[WhiteTeam "Dudelange"]
[BlackTeam "Oldham"]

1. e4 e5 2. Nf3 Nc6 3. Bb5 a6 4. Ba4 Nf6 5. d3 b5 6. Bb3 Bc5 7. h3 d6 8. c3 h6 9. Qe2 Bb7 10. Nbd2 Nh5 11. Nf1 Qf6 12. g3 O-O 13. Nh4 Nf4 14. gxf4 Qxh4 15. f5 Ne7 16. Qf3 d5 17. Rg1 dxe4 18. Qg3 Nxf5 19. Qxh4 Nxh4 20. Nh2 exd3 21. Bxh6 Ng2+ 22. Rxg2 Bxg2 0-1

[Event "34th European Club Cup 2018"]
[Site "Halkidiki"]
[Date "2018.10.15"]
[Round "4"]
[White "Peoples, Jonathon"]
[Black "Andersen, Soren Mikkel"]
[Result "1-0"]
[WhiteElo "1856"]
[BlackElo "2159"]
[Annotator "TA"]
[PlyCount "79"]
[EventDate "2018.10.12"]
[EventType "team-tourn"]
[EventCountry "GRE"]
[SourceTitle "playchess.com"]
[Source "ChessBase"]
[SourceQuality "1"]
[WhiteTeam "Ballinasloe"]
[BlackTeam "Bronshoj"]

1. d4 d5 2. c4 c6 3. Nf3 Nf6 4. Nc3 e6 5. Bg5 dxc4 6. e4 b5 7. e5 h6 8. Bh4 g5 9. Nxg5 hxg5 10. Bxg5 Nbd7 11. g3 Bb7 12. Bg2 Qb6 13. exf6 c5 14. d5 O-O-O 15. O-O b4 16. Na4 Qb5 17. a3 exd5 18. axb4 cxb4 19. Be3 Nc5 20. Nxc5 Bxc5 21. Qg4+ Kc7 22. Bxc5 Qxc5 23. Qg7 Rdf8 24. Rfe1 c3 25. bxc3 bxc3 26. Re7+ Kc6 27. Qg4 Qb5 28. Qd7+ Kc5 29. Qxb5+ Kxb5 30. Rxb7+ Kc4 31. Bf1+ Kd4 32. Rc1 a5 33. Rb5 Ra8 34. Rd1+ Ke5 35. Rbxd5+ Ke6 36. R5d3 c2 37. Rc1 Rhc8 38. Bh3+ Ke5 39. Bxc8 Rxc8 40. Rd2 1-0

[Event "34th European Club Cup 2018"]
[Site "Halkidiki"]
[Date "2018.10.15"]
[Round "4"]
[White "Jadin, Yves"]
[Black "Adams, Philip"]
[Result "1/2-1/2"]
[WhiteElo "1855"]
[BlackElo "1980"]
[Annotator "NA RC"]
[PlyCount "60"]
[EventDate "2018.10.12"]
[EventType "team-tourn"]
[EventCountry "GRE"]
[SourceTitle "playchess.com"]
[Source "ChessBase"]
[SourceQuality "1"]
[WhiteTeam "Dudelange"]
[BlackTeam "Oldham"]

1. d4 Nf6 2. Nf3 g6 3. Bf4 Bg7 4. e3 d6 5. Be2 O-O 6. h3 b6 7. Nbd2 Bb7 8. c3 Nbd7 9. O-O c5 10. Rc1 Rc8 11. Re1 Ne4 12. Nxe4 Bxe4 13. Nd2 Bb7 14. Bf3 Qc7 15. d5 b5 16. b3 c4 17. bxc4 bxc4 18. e4 Ba6 19. Be3 Nc5 20. Bxc5 Qxc5 21. Qc2 Qa3 22. Be2 Rc7 23. Nb1 Qa5 24. Qb2 Rb7 25. Qa3 Qxa3 26. Nxa3 Rb2 27. Bxc4 Bxc4 28. Nxc4 Rxa2 29. e5 dxe5 30. Nxe5 Bxe5 1/2-1/2

[Event "34th European Club Cup 2018"]
[Site "Halkidiki"]
[Date "2018.10.15"]
[Round "4"]
[White "Guha, Chirag"]
[Black "Gupta, Milon"]
[Result "1/2-1/2"]
[WhiteElo "1849"]
[BlackElo "2206"]
[Annotator "TA"]
[PlyCount "132"]
[EventDate "2018.10.12"]
[EventType "team-tourn"]
[EventCountry "GRE"]
[SourceTitle "playchess.com"]
[Source "ChessBase"]
[SourceQuality "1"]
[WhiteTeam "Wood Green"]
[BlackTeam "Solingen"]

1. d4 d6 2. c4 g6 3. g3 Bg7 4. Nf3 Nf6 5. Bg2 O-O 6. O-O c6 7. Nc3 Qb6 8. h3 Qa6 9. b3 d5 10. c5 b6 11. cxb6 axb6 12. Ne5 Nfd7 13. f4 f5 14. Nxc6 Nxc6 15. Bxd5+ e6 16. Bxc6 Rb8 17. Bb2 b5 18. Bg2 Nb6 19. Qd2 Rd8 20. e3 b4 21. Nd1 Nd5 22. Nf2 Bb7 23. Nd3 Bf8 24. Rfd1 Qa7 25. Ne5 Be7 26. Nc4 Ba8 27. Qd3 Bf8 28. g4 Qe7 29. g5 h6 30. h4 Qh7 31. Qd2 Be7 32. Qe1 Rf8 33. Qg3 h5 34. Ne5 Bd6 35. Nc4 Bc7 36. Qe1 Qd7 37. Ne5 Bxe5 38. dxe5 Rfc8 39. Rac1 Rxc1 40. Rxc1 Qa7 41. Bxd5 Bxd5 42. Ra1 Rc8 43. Bd4 Qa3 44. Qd2 Be4 45. Bb2 Qa8 46. Rc1 Rxc1+ 47. Bxc1 Bb1 48. Qd7 Qf3 49. Qxe6+ Kg7 50. Qf6+ Kh7 51. Qf7+ Kh8 52. Qf8+ Kh7 53. Qh6+ Kg8 54. Qxg6+ Kh8 55. Qe8+ Kg7 56. Qd7+ Kg8 57. Qd8+ Kg7 58. Qd7+ Kg8 59. Qd8+ Kg7 60. Qe7+ Kg8 61. Qd8+ Kg7 62. Qd7+ Kg8 63. Qd8+ Kg7 64. Bb2 Qg3+ 65. Kf1 Qf3+ 66. Ke1 Qh1+ 1/2-1/2

[Event "34th European Club Cup 2018"]
[Site "Halkidiki"]
[Date "2018.10.15"]
[Round "4"]
[White "Higgins, Kenneth"]
[Black "Christensen, Esben"]
[Result "1-0"]
[WhiteElo "1823"]
[BlackElo "2017"]
[Annotator "NA RC"]
[PlyCount "123"]
[EventDate "2018.10.12"]
[EventType "team-tourn"]
[EventCountry "GRE"]
[SourceTitle "playchess.com"]
[Source "ChessBase"]
[SourceQuality "1"]
[WhiteTeam "Ballinasloe"]
[BlackTeam "Bronshoj"]

1. e4 c5 2. Nf3 e6 3. d4 cxd4 4. Nxd4 Nf6 5. Nc3 d6 6. Bc4 a6 7. O-O b5 8. Bb3 Qc7 9. a3 Be7 10. Bg5 O-O 11. Qf3 Re8 12. Rad1 Bb7 13. Qg3 Nxe4 14. Nxe4 Bxe4 15. Bxe6 Bxg5 16. Qxg5 fxe6 17. Rfe1 Bd5 18. Qxd5 exd5 19. Rxe8+ Kf7 20. Rf8+ Kg6 21. Rd3 h5 22. Rg3+ Kh7 23. Ne6 Qe7 24. Ng5+ Kg6 25. Nf7+ Kf6 26. Rf3+ Ke6 27. Re3+ Kd7 28. Rxe7+ Kxe7 29. Rc8 Kxf7 30. f4 Ra7 31. Rxb8 Rc7 32. c3 d4 33. Rb6 dxc3 34. bxc3 Rxc3 35. Rxa6 Ke6 36. Kf2 Kd5 37. Ra7 g6 38. Rg7 Ke4 39. Rxg6 d5 40. Rg5 Rxa3 41. Re5+ Kd4 42. Rxh5 b4 43. Rh8 b3 44. Rb8 Kc3 45. Rc8+ Kd3 46. Rb8 Kc3 47. Rc8+ Kd3 48. Rb8 Ra2+ 49. Kf3 b2 50. f5 Kc2 51. Rc8+ Kd2 52. Rb8 Ra3+ 53. Kf4 Kc2 54. Rxb2+ Kxb2 55. Ke5 Ra5 56. Kd4 Kc2 57. h3 Kd2 58. g4 Ke2 59. f6 Ra6 60. g5 Kf3 61. f7 Ra8 62. g6 1-0

[Event "34th European Club Cup 2018"]
[Site "Halkidiki"]
[Date "2018.10.15"]
[Round "4"]
[White "Krasniqi, Avni"]
[Black "Loo, Bernd"]
[Result "1/2-1/2"]
[WhiteElo "1821"]
[BlackElo "1849"]
[Annotator "NA RC"]
[PlyCount "173"]
[EventDate "2018.10.12"]
[EventType "team-tourn"]
[EventCountry "GRE"]
[SourceTitle "playchess.com"]
[Source "ChessBase"]
[SourceQuality "1"]
[WhiteTeam "Dardania"]
[BlackTeam "Wirtzfeld"]

1. e4 d5 2. exd5 Nf6 3. Nf3 Bg4 4. Be2 Qxd5 5. d4 Nc6 6. c4 Qd7 7. d5 Bxf3 8. Bxf3 Ne5 9. Qb3 Nxf3+ 10. Qxf3 e6 11. Qe2 O-O-O 12. dxe6 Bb4+ 13. Bd2 Qe7 14. O-O Bxd2 15. Nxd2 Rhe8 16. Rfe1 Qb4 17. Nf3 Rxe6 18. Qc2 Rde8 19. Rxe6 Rxe6 20. h3 g6 21. a3 Qe7 22. b4 Re2 23. Qc3 h6 24. Rd1 Re6 25. c5 g5 26. b5 Ne4 27. Qh8+ Qe8 28. Qd4 f5 29. Qc4 Rf6 30. Nd4 Qf7 31. Qxf7 Rxf7 32. c6 Rf6 33. Re1 Nd6 34. Re7 Kd8 35. Rh7 b6 36. Rh8+ Ne8 37. a4 f4 38. Kf1 Ke7 39. Ke2 Kf7 40. Kf3 Rd6 41. Nf5 Re6 42. Rxh6 Rxh6 43. Nxh6+ Kg6 44. Ng4 Nd6 45. Ne5+ Kf5 46. Nd3 Ne4 47. Nb4 Nc5 48. Nd5 Ne6 49. Ne7+ Ke5 50. Kg4 Kf6 51. Nc8 Nc5 52. Nxa7 Nxa4 53. h4 gxh4 54. Kxf4 Nc3 55. Kg4 Nd1 56. f3 Ne3+ 57. Kh3 Kg5 58. Nc8 Nd5 59. Na7 Nf4+ 60. Kh2 Nd5 61. Kg1 Kf4 62. Kf2 Nc3 63. Nc8 Nxb5 64. Ne7 Nc3 65. Ng6+ Kg5 66. Ne5 Nd5 67. Nd3 b5 68. Ke1 Ne7 69. Nb4 Kf4 70. Kf2 Ke5 71. Ke2 Nd5 72. Nc2 b4 73. Kd2 Kd6 74. Nd4 Ke5 75. Nb5 Ne7 76. Nxc7 Nxc6 77. Nb5 Kf4 78. Ke2 Kg3 79. Kf1 b3 80. Nc3 Ne5 81. Ne2+ Kh2 82. f4 Ng4 83. f5 Ne3+ 84. Kf2 Nxf5 85. Ng1 b2 86. Nf3+ Kh1 87. Nd2 1/2-1/2

[Event "34th European Club Cup 2018"]
[Site "Halkidiki"]
[Date "2018.10.15"]
[Round "4"]
[White "Marhoefer, Daniel"]
[Black "Grubert, Christian"]
[Result "0-1"]
[WhiteElo "1773"]
[BlackElo "2148"]
[Annotator "TA"]
[PlyCount "38"]
[EventDate "2018.10.12"]
[EventType "team-tourn"]
[EventCountry "GRE"]
[SourceTitle "playchess.com"]
[Source "ChessBase"]
[SourceQuality "1"]
[WhiteTeam "Dublin"]
[BlackTeam "Jetsmark"]

1. e4 c5 2. Nf3 g6 3. d4 cxd4 4. Nxd4 Bg7 5. Nc3 Nc6 6. Be3 Nf6 7. Bc4 O-O 8. Bb3 e6 9. Ndb5 d5 10. exd5 Nxd5 11. Bxd5 exd5 12. Qxd5 Qa5 13. Qb3 a6 14. Nd6 Be6 15. Nc4 Bxc3+ 16. bxc3 Qd5 17. Bh6 Qe4+ 18. Kd2 Bxc4 19. Rhc1 Qe2# 0-1

[Event "34th European Club Cup 2018"]
[Site "Halkidiki"]
[Date "2018.10.15"]
[Round "4"]
[White "Lalouette, Herve"]
[Black "Karavitaki, Evaggelia"]
[Result "0-1"]
[WhiteElo "1681"]
[BlackElo "1828"]
[Annotator "NA RC"]
[PlyCount "64"]
[EventDate "2018.10.12"]
[EventType "team-tourn"]
[EventCountry "GRE"]
[SourceTitle "playchess.com"]
[Source "ChessBase"]
[SourceQuality "1"]
[WhiteTeam "Bois-Colombes"]
[BlackTeam "Chania CA"]

1. e4 c5 2. Nf3 e6 3. d4 cxd4 4. Nxd4 Nf6 5. Nc3 d6 6. Bg5 Be7 7. Qd2 a6 8. O-O-O Qc7 9. Be2 b5 10. Bf3 Bb7 11. a3 O-O 12. Rhe1 Nbd7 13. Bxf6 Bxf6 14. Kb1 Rac8 15. g3 Ne5 16. Be2 Qb6 17. f4 Nc4 18. Bxc4 Rxc4 19. e5 dxe5 20. fxe5 Be7 21. Qe3 Bc5 22. Nce2 b4 23. b3 bxa3 24. Ka2 Rxc2+ 25. Kb1 Rb2+ 26. Ka1 Bd5 27. Rd3 a5 28. Qc1 a4 29. Qc3 Bb4 30. Qc1 Bxe1 31. Qxe1 axb3 32. Qc3 Rxe2 0-1

[Event "34th European Club Cup 2018"]
[Site "Halkidiki"]
[Date "2018.10.16"]
[Round "5"]
[White "Yu, Yangyi"]
[Black "Leko, Peter"]
[Result "1/2-1/2"]
[WhiteElo "2765"]
[BlackElo "2690"]
[Annotator "TA"]
[PlyCount "100"]
[EventDate "2018.10.12"]
[EventType "team-tourn"]
[EventCountry "GRE"]
[SourceTitle "playchess.com"]
[Source "ChessBase"]
[SourceQuality "1"]
[WhiteTeam "Alkaloid"]
[BlackTeam "Padova"]

1. d4 Nf6 2. c4 e6 3. Nc3 Bb4 4. e3 O-O 5. Bd3 d5 6. cxd5 exd5 7. Nge2 Re8 8. O-O Bd6 9. Bd2 Nbd7 10. Rc1 a6 11. Ng3 Nf8 12. Nce2 Ne4 13. Be1 c6 14. a4 Nxg3 15. Nxg3 a5 16. Qb3 g6 17. Bc3 h5 18. Rce1 h4 19. Nh1 Nh7 20. f4 Nf6 21. Nf2 b6 22. Qc2 Qc7 23. Bd2 Nh5 24. e4 dxe4 25. Nxe4 Bf5 26. Nxd6 Rxe1 27. Bxe1 Bxd3 28. Qxd3 Qxd6 29. Bxh4 Re8 30. Qf3 Ng7 31. Bf2 Nf5 32. d5 c5 33. h4 Qf6 34. Qd3 Nxh4 35. Bxh4 Qxh4 36. d6 Rd8 37. d7 Qf6 38. f5 Qd4+ 39. Qxd4 cxd4 40. fxg6 fxg6 41. Rf6 Rxd7 42. Rxg6+ Kf7 43. Rh6 Kg7 44. Rc6 d3 45. Rc1 Rd4 46. Rd1 Rxa4 47. Rxd3 b5 48. Kf2 Rb4 49. b3 a4 50. bxa4 bxa4 1/2-1/2

[Event "34th European Club Cup 2018"]
[Site "Halkidiki"]
[Date "2018.10.16"]
[Round "5"]
[White "Jakovenko, Dmitry"]
[Black "Granda Zuniga, Julio E"]
[Result "1/2-1/2"]
[WhiteElo "2752"]
[BlackElo "2641"]
[Annotator "TA"]
[PlyCount "87"]
[EventDate "2018.10.12"]
[EventType "team-tourn"]
[EventCountry "GRE"]
[SourceTitle "playchess.com"]
[Source "ChessBase"]
[SourceQuality "1"]
[WhiteTeam "Alkaloid"]
[BlackTeam "Padova"]

1. e4 c6 2. d4 d5 3. e5 c5 4. dxc5 Nc6 5. Bb5 e6 6. Be3 Nge7 7. c3 Bd7 8. Bxc6 Nxc6 9. f4 Qc7 10. Nf3 Na5 11. b4 Nc4 12. Bd4 b6 13. cxb6 axb6 14. O-O Be7 15. Nfd2 O-O 16. Nxc4 dxc4 17. Nd2 Rfd8 18. Qe2 b5 19. Ne4 Bc6 20. f5 exf5 21. Rxf5 Rxd4 22. cxd4 Qd7 23. Rff1 Qxd4+ 24. Nf2 Qd5 25. Nh3 Bxb4 26. Ng5 Qd2 27. Qg4 h5 28. Qg3 h4 29. Qg4 Be7 30. Nf3 Qd7 31. Qxd7 Bxd7 32. Rfd1 Bf5 33. Nd4 Bg4 34. Nxb5 Bxd1 35. Rxd1 Rxa2 36. Kf1 Bc5 37. Rd8+ Kh7 38. Rc8 Be3 39. Rxc4 g5 40. Re4 Bf4 41. g3 hxg3 42. hxg3 Bxg3 43. e6 fxe6 44. Rxe6 1/2-1/2

[Event "34th European Club Cup 2018"]
[Site "Halkidiki"]
[Date "2018.10.16"]
[Round "5"]
[White "Wojtaszek, Radoslaw"]
[Black "Efimenko, Zahar"]
[Result "1-0"]
[WhiteElo "2727"]
[BlackElo "2641"]
[Annotator "TA"]
[PlyCount "73"]
[EventDate "2018.10.12"]
[EventType "team-tourn"]
[EventCountry "GRE"]
[SourceTitle "playchess.com"]
[Source "ChessBase"]
[SourceQuality "1"]
[WhiteTeam "Novy Bor"]
[BlackTeam "Beer Sheva"]

1. d4 Nf6 2. c4 e6 3. Nf3 b6 4. a3 Bb7 5. Nc3 Ne4 6. Nxe4 Bxe4 7. Bf4 Be7 8. e3 d6 9. Bd3 Bxd3 10. Qxd3 Nd7 11. e4 O-O 12. O-O a5 13. b3 Qc8 14. Rad1 Qb7 15. Rfe1 Rad8 16. d5 Bf6 17. Qc2 h6 18. h3 Rfe8 19. Nh2 b5 20. dxe6 Rxe6 21. cxb5 Rde8 22. Ng4 Rxe4 23. Rxe4 Rxe4 24. Bd2 Bd4 25. Bxa5 Nc5 26. b4 Ne6 27. Qc6 Qxc6 28. bxc6 h5 29. Ne3 Bxe3 30. fxe3 Rxe3 31. b5 Kf8 32. Bxc7 Nxc7 33. b6 Rc3 34. Rxd6 Na6 35. Rd8+ Ke7 36. Ra8 Kd6 37. b7 1-0